| 000 | 00623nam a22002057i 4500 | ||
|---|---|---|---|
| 999 |
_c23276 _d23276 |
||
| 003 | AR-CdUCM | ||
| 008 | 250422b20182018 pe||||| |||| 00| 0 spa d | ||
| 020 | _a978-612-00-3642-6 | ||
| 040 |
_aMUNICIPALIDAD PROVINCIAL DEL CUSCO _cBIBLIOTECA MUNICIPAL DEL CUSCO |
||
| 041 | _hspa | ||
| 082 |
_aEP / 869.56 / R36 _bR36 |
||
| 100 |
_aBeck, Reiner _951136 |
||
| 245 | _aAuto Responsabilidad / | ||
| 260 |
_aCusco : _bAutor-Editor _c2018 |
||
| 300 |
_a48 páginas. : _bIlustraciones _c20x20 cm. |
||
| 650 |
_aLiteratura infantil _9588 |
||
| 650 |
_aPrimera infancia _924660 |
||
| 942 |
_2ddc _cLIBROS |
||
| 945 |
_apbjr _d22-04-2025 |
||